Mediácia a multidisciplinarita ako kľúč k harmonickým riešeniam konfliktov medzinárodná vedecká konferencia
Uložené v:
| Korporativný autor: | |
|---|---|
| Ďalší autori: | , , |
| Médium: | Kniha |
| Jazyk: | Slovak English |
| Vydavateľské údaje: |
Bratislava
Inštitút mediácie a mimosúdneho riešenia sporov
2024
|
| Vydanie: | 1. vydanie |
| Predmet: | |
| Tagy: |
Žiadne tagy, Buďte prvý, kto otaguje tento záznam!
|
MARC
| LEADER | 00000nlm a2200000 4500 | ||
|---|---|---|---|
| 001 | 0304871 | ||
| 005 | 20241029114922.2 | ||
| 020 | |a 978-80-974773-5-6 | ||
| 041 | 0 | |a slo | |
| 041 | 0 | |a eng | |
| 044 | |a SK | ||
| 245 | 1 | 0 | |a Mediácia a multidisciplinarita ako kľúč k harmonickým riešeniam konfliktov |b medzinárodná vedecká konferencia |c editor: Ernest Kováč ... [et al.] |
| 250 | |a 1. vydanie | ||
| 264 | 1 | |a Bratislava |b Inštitút mediácie a mimosúdneho riešenia sporov |c 2024 | |
| 300 | |a 49 s. | ||
| 610 | 2 | 0 | |a mediácia |
| 610 | 2 | 0 | |a mediátori |
| 610 | 2 | 0 | |a konflikty |
| 610 | 2 | 0 | |a správanie sociálne |
| 610 | 2 | 0 | |a psychológia |
| 700 | 1 | |a Kováč, Ernest | |
| 700 | 1 | |a Planka, Tomáš | |
| 700 | 1 | |a Čakarová, Melinda | |
| 110 | 2 | |a Mediácia a multidisciplinarita ako kľúč k harmonickým riešeniam konfliktov. Medzinárodná vedecká konferencia | |